Predict It! / (Record no. 171030)
[ view plain ]
| 000 -LEADER | |
|---|---|
| fixed length control field | 01449nam a22003377ia4500 |
| 003 - CONTROL NUMBER IDENTIFIER | |
| control field | PPAK |
| 005 - DATE AND TIME OF LATEST TRANSACTION | |
| control field | 20190131100555.0 |
| 008 - FIXED-LENGTH DATA ELEMENTS--GENERAL INFORMATION | |
| fixed length control field | 190110t2015 cauao||j |||| 0|1 0 eng d |
| 020 ## - INTERNATIONAL STANDARD BOOK NUMBER | |
| Terms of availability | RM378.00 |
| Qualifying information | set |
| International Standard Book Number | 9781480746527 |
| Terms of availability | RM37.80 |
| Qualifying information | paperback |
| 040 ## - CATALOGING SOURCE | |
| Original cataloging agency | PPAK |
| Language of cataloging | eng |
| Transcribing agency | PPAK |
| Description conventions | rda |
| 082 04 - DEWEY DECIMAL CLASSIFICATION NUMBER | |
| Edition number | 23 |
| Classification number | 507.21 |
| 090 00 - LOCALLY ASSIGNED LC-TYPE CALL NUMBER (OCLC); LOCAL CALL NUMBER (RLIN) | |
| Classification number (OCLC) (R) ; Classification number, CALL (RLIN) (NR) | 507.21 |
| Feature heading | RIC |
| Feature heading | K |
| 100 1# - MAIN ENTRY--PERSONAL NAME | |
| Personal name | Rice, Dona Herweck, |
| Relator term | author. |
| 245 10 - TITLE STATEMENT | |
| Title | Predict It! / |
| Statement of responsibility, etc. | Dona Herweck Rice |
| 264 #1 - PRODUCTION, PUBLICATION, DISTRIBUTION, MANUFACTURE, AND COPYRIGHT NOTICE | |
| Place of production, publication, distribution, manufacture | Huntington Beach, CA : |
| Name of producer, publisher, distributor, manufacturer | Teacher Created Materials, |
| Date of production, publication, distribution, manufacture, or copyright notice | [2015] |
| Date of production, publication, distribution, manufacture, or copyright notice | ©2015 |
| 300 ## - PHYSICAL DESCRIPTION | |
| Extent | 32 pages : |
| Other physical details | colour photographs ; |
| Dimensions | 23 cm |
| 336 ## - CONTENT TYPE | |
| Source | rdacontent |
| Content type term | text |
| 337 ## - MEDIA TYPE | |
| Source | rdamedia |
| Media type term | unmediated |
| 338 ## - CARRIER TYPE | |
| Source | rdacarrier |
| Carrier type term | volume |
| 490 1# - SERIES STATEMENT | |
| Series statement | Scientific Practices |
| 500 ## - GENERAL NOTE | |
| General note | Includes index |
| 505 ## - FORMATTED CONTENTS NOTE | |
| Formatted contents note | Tricky business -- The scientific method -- Now, how about prediction? -- Be specific -- It's probable -- Don't change! -- Think like a scientist. |
| 520 ## - SUMMARY, ETC. | |
| Summary, etc. | "How do we know anything about anything? Because someone got curious and asked a question! Scientists use experiments to test their predictions. Making predictions is an important scientific practice. Ask questions, make predictions, and test possible answers to see what you discover next!"-- Provided by publisher. |
| 521 2# - TARGET AUDIENCE NOTE | |
| Target audience note | Grades 4 to 6 |
| 650 10 - SUBJECT ADDED ENTRY--TOPICAL TERM | |
| Topical term or geographic name entry element | Science |
| Form subdivision | Methodology |
| General subdivision | Juvenile literature |
| Topical term or geographic name entry element | Forecasting |
| Form subdivision | Juvenile literature |
| 830 #0 - SERIES ADDED ENTRY--UNIFORM TITLE | |
| Uniform title | Scientific practices |
| 942 ## - ADDED ENTRY ELEMENTS (KOHA) | |
| Source of classification or shelving scheme | Dewey Decimal Classification |
| Koha item type | Book |
| Withdrawn | Not for loan | Current library | Shelving location | Date acquired | Full call number | Barcode | Date last seen | Koha item type |
|---|---|---|---|---|---|---|---|---|
| Perpustakaan Alor Setar | Pinjaman Kanak-kanak | 17/02/2019 | K 507.21 RIC | A01592241 | 17/02/2019 | Book |